Statistiques concernant Quiz sur la Jordanie

Cliquez ici pour prendre le quiz!

Statistiques générales

  • Ce quiz a été pris 3 360 fois
  • Le résultat moyen est 13 sur 20

Statistiques - réponses

QuestionRéponse% Correct
Langue officielleArabe
98%
Pays frontaliersIsraël
97%
Pays frontaliersSyrie
94%
Pays frontaliersIrak
92%
Pays frontaliersArabie Saoudite
91%
CapitaleAmman
83%
Mer à laquelle ce golfe appartientMer Rouge
83%
La Jordanie était un protectorat
de ce pays entre 1921 et 1946
Royaume-Uni
80%
Lac salé menacé de disparitionMer Morte
74%
Cité antique célèbre qui est devenue
une attraction touristique majeure
Pétra
74%
Fleuve qui a donné son nom au paysJourdain
73%
De nombreux films sont tournés à Wadi
Rum car son sol ressemble à celui de...
Mars
61%
Plat traditionnel à base de pois chichesHoumous
54%
Devise monétaireDinar
51%
Région à laquelle la Jordanie appartientLe L{evant}
40%
Nom du pays pendant cette période{Trans}jordanie
40%
Roi actuelAbdallah II
25%
Golfe qui borde la Jordanie au sudGolfe d'{Aqaba}
25%
Ancien roi, de 1952 à 1999Hussein
20%
Nom officiel de la JordanieRoyaume
{Hachémite}
de Jordanie
19%

Distribution des résultats

Percentile par nombre de réponses

% des personnes avec chaque résultat

Votre développement - résultats

Vous n’avez pas pris ce quiz